000 01290cam a2200325 4500
001 3280
003 BD-RjUL
005 20211208233714.0
008 700210s1969 gw b 100 0 eng
035 _a(BD-RjUL)3314
040 _aDLC
_cDLC
_dDLC
_beng
041 _aeng
082 0 0 _a512.66
_223
_bALG 1969
245 0 0 _aAlgebraic K-theory and its geometric applications /
_cEdited by R. M. F. Moss and C. B. Thomas.
260 _aBerlin ;
_aNew York :
_bSpringer-Verlag,
_c1969.
300 _aiv, 86 p. :
_bIll. ;
_c26 cm.
350 _a6.00
490 1 _aLecture notes in mathematics (Springer-Verlag) : a collection of Informal reports and seminars / Edited by A. Dold and B. Eckmann ;
_v108
650 0 _aK-theory.
_9138662
650 0 _aCategories (Mathematics)
_9152026
650 0 _aFunctor theory.
_9152027
700 1 _aMoss, R. M. F.
_q(Robert Michael Forrester)
_9159300
700 1 _aThomas, C. B.
_q(Charles Benedict),
_eed.
_9159301
700 1 _aDold, A. , ed.
_9159304
700 1 _aEckmann, B. , Jt. ed.
_9159305
710 2 _aUniversity of Hull.
_9159302
830 0 _aLecture notes in mathematics (Springer-Verlag) : a collection of Informal reports and seminars / Edited by A. Dold and B. Eckmann ;
_v108.
_9159303
942 _2ddc
_cBK
999 _c3280
_d3280